Consumer protection provisions in climate legislation : hearing before the Subcommittee on Energy and Environment of the Committee on Energy and Commerce, House of Representatives, One Hundred Eleventh Congress, first session, March 12, 2009.

Bibliographic Details
Corporate Author: United States. Congress. House. Committee on Energy and Commerce. Subcommittee on Energy and Environment
Format: Government Document eBook
Language:English
Published: Washington : U.S. G.P.O., 2012.
Subjects:
Online Access:https://purl.fdlp.gov/GPO/gpo20788

MARC

Tag First Indicator Second Indicator Subfields
LEADER 00000cam a2200000 a 4500
001 in00002752012
005 20211120164702.0
006 m d f
007 cr bn|||||||||
008 120327s2012 dcuab ob f000 0 eng c
035 |a (OCoLC)ocn781785880 
037 |a 552-070-44290-1  |b GPO  |f paper 
040 |a GPO  |c GPO  |d GPO  |d MvI  |d UtOrBLW 
042 |a pcc 
043 |a n-us--- 
049 |a WWW 
050 1 4 |a KF27  |b .E5525 2012e 
074 |a 1019-C-01 (online) 
086 0 |a Y 4.C 73/8:111-14 
088 |a Serial no. 111-14 (United States. Congress. House. Committee on Energy and Commerce) 
110 1 |a United States.  |b Congress.  |b House.  |b Committee on Energy and Commerce.  |b Subcommittee on Energy and Environment. 
245 1 0 |a Consumer protection provisions in climate legislation :  |b hearing before the Subcommittee on Energy and Environment of the Committee on Energy and Commerce, House of Representatives, One Hundred Eleventh Congress, first session, March 12, 2009. 
264 1 |a Washington :  |b U.S. G.P.O.,  |c 2012. 
300 |a 1 online resource (v, 150 pages) :  |b illustrations, map. 
336 |a text  |b txt  |2 rdacontent 
337 |a computer  |b c  |2 rdamedia 
338 |a online resource  |b cr  |2 rdacarrier 
500 |a Title from title screen (viewed on , 2012). 
500 |a Paper version available for sale by the Supt. of Docs., U.S. G.P.O. 
504 |a Includes bibliographical references. 
500 |a "Serial number 111-14." 
500 |a Electronic resource. 
650 0 |a Emissions trading  |x Law and legislation  |z United States. 
650 0 |a Climate change mitigation  |x Economic aspects  |z United States. 
650 0 |a Energy conservation  |x Economic aspects  |z United States. 
650 0 |a Consumer protection  |z United States. 
776 0 8 |i Print version:  |a United States. Congress. House. Committee on Energy and Commerce. Subcommittee on Energy and Environment.  |t Consumer protection provisions in climate legislation  |w (OCoLC)781776620 
776 0 8 |i Microfiche:  |a United States. Congress. House. Committee on Energy and Commerce. Subcommittee on Energy and Environment.  |t Consumer protection provisions in climate legislation  |w (OCoLC)805222448 
856 4 0 |u https://purl.fdlp.gov/GPO/gpo20788  |t 0 
999 |a MARS 
999 f f |s 48313be1-3767-35c2-aed8-dd0b239c4e94  |i 745d5496-faec-317e-91b4-70156e41a6b5  |t 0 
952 f f |a Texas A&M University  |b College Station  |c Electronic Resources  |d Available Online  |t 0  |e Y 4.C 73/8:111-14  |h Superintendent of Documents classification 
998 f f |a Y 4.C 73/8:111-14  |t 0  |l Available Online